[Event "BPB Limburg open A"]
[Site "Maastricht"]
[Date "2014.06.07"]
[Round "2"]
[White "Groffen, Hans"]
[Black "Gijsen, Stief"]
[Result "1/2-1/2"]
[WhiteElo "2190"]
[BlackElo "2156"]
[PlyCount "61"]
[EventDate "2014.06.06"]
[EventType "swiss"]
[EventRounds "7"]
[EventCountry "NED"]
[Source "P.Boonen"]
[SourceDate "2014.10.10"]

1. d4 Nf6 2. c4 g6 3. Nc3 d5 4. Nf3 Bg7 5. cxd5 Nxd5 6. e4 Nxc3 7. bxc3 c5 8.
Be3 Qa5 9. Qd2 Nc6 10. Rc1 cxd4 11. cxd4 Qxd2+ 12. Kxd2 O-O 13. Bb5 f5 14. exf5
Bxf5 15. Bxc6 bxc6 16. Rxc6 Rab8 17. Ra1 Rfd8 18. Rc5 Rb2+ 19. Ke1 Be4 20. Ne5
Bxg2 21. a4 Bxe5 22. Rxe5 Kf7 23. Rc1 Rd7 24. Rc8 Rdb7 25. h4 Ra2 26. a5 Rb1+
27. Rc1 Rbb2 28. Rc7 Ra1+ 29. Rc1 Raa2 30. Rc7 Ra1+ 31. Rc1 1/2-1/2

[Event "BPB Limburg open A"]
[Site "Maastricht"]
[Date "2014.06.07"]
[Round "2"]
[White "Hamblok, Roel"]
[Black "Sanijs, Frans"]
[Result "1-0"]
[WhiteElo "2278"]
[BlackElo "2045"]
[PlyCount "47"]
[EventDate "2014.06.06"]
[EventType "swiss"]
[EventRounds "7"]
[EventCountry "NED"]
[Source "P.Boonen"]
[SourceDate "2014.10.10"]

1. d4 Nf6 2. Nf3 e6 3. Bf4 b6 4. e3 Bb7 5. Bd3 Be7 6. Nbd2 O-O 7. c3 d6 8. e4
Nbd7 9. Qe2 Re8 10. g4 e5 11. Be3 d5 12. Nxe5 Nxe4 13. O-O-O a6 14. Nxe4 dxe4
15. Bc4 Rf8 16. g5 Nxe5 17. dxe5 Qc8 18. g6 hxg6 19. e6 f5 20. Rd7 Re8 21. Rg1
b5 22. Bb3 c5 23. Rxg6 c4 24. Qh5 1-0

[Event "BPB Limburg open A"]
[Site "Maastricht"]
[Date "2014.06.07"]
[Round "2"]
[White "Harff, Marcel"]
[Black "Bellens, Steven"]
[Result "1-0"]
[WhiteElo "2288"]
[BlackElo "2013"]
[PlyCount "67"]
[EventDate "2014.06.06"]
[EventType "swiss"]
[EventRounds "7"]
[EventCountry "NED"]
[Source "P.Boonen"]
[SourceDate "2014.10.10"]

1. c4 g6 2. d4 Nf6 3. g3 Bg7 4. Bg2 d5 5. cxd5 Nxd5 6. Nf3 O-O 7. O-O c6 8. e4
Nb6 9. h3 N8d7 10. Nc3 Qc7 11. Bg5 e6 12. Rc1 Re8 13. Qb3 h6 14. Be3 Nf6 15. a4
Qe7 16. Ne5 Nfd7 17. Ng4 h5 18. Nh2 e5 19. d5 cxd5 20. exd5 Nb8 21. Nb5 Na6 22.
a5 Nd7 23. d6 Qd8 24. Bd5 Rf8 25. Nc7 Nxc7 26. dxc7 Qf6 27. Bxb7 Bxb7 28. Qxb7
Rfc8 29. Rfd1 Qe6 30. Bxa7 Qxh3 31. Bb8 Raxb8 32. cxb8=R Rxb8 33. Rc8+ Rxc8 34.
Qxc8+ 1-0

[Event "BPB Limburg open A"]
[Site "Maastricht"]
[Date "2014.06.07"]
[Round "2"]
[White "Harff, Wilfried"]
[Black "Ernst, Sipke"]
[Result "0-1"]
[WhiteElo "2149"]
[BlackElo "2567"]
[PlyCount "116"]
[EventDate "2014.06.06"]
[EventType "swiss"]
[EventRounds "7"]
[EventCountry "NED"]
[Source "P.Boonen"]
[SourceDate "2014.10.10"]
[WhiteClock "0:01:44"]
[BlackClock "0:44:23"]

1. e4 e5 2. Nf3 Nc6 3. Bb5 a6 4. Bxc6 dxc6 5. O-O Qf6 6. d4 exd4 7. Qxd4 Qxd4
8. Nxd4 Bd7 9. Re1 O-O-O 10. Nd2 Ne7 11. c3 c5 12. N4b3 Nc6 13. f4 f5 14. e5
Be6 15. Nf3 Be7 16. Be3 b6 17. Nbd2 Rd3 18. Kf2 Rhd8 19. Ke2 h6 20. Rec1 Bf7
21. Ne1 R3d7 22. Ndf3 a5 23. b3 a4 24. Rab1 Na5 25. c4 Nc6 26. bxa4 Kb7 27. Rb2
Ra8 28. Nd3 Kc8 29. Rc3 Rxa4 30. Nd2 Rd8 31. Nc1 Nb4 32. a3 Nc6 33. Kf2 Kd7 34.
Nd3 Rda8 35. Ra2 Ke8 36. Nb2 R4a6 37. Ra1 Be6 38. Nf3 Kf7 39. g3 Nb4 40. Ke2
Bc8 41. Nd3 Bb7 42. Nd2 Nc6 43. Nf3 Nd8 44. Bc1 Ne6 45. Nde1 g5 46. Ra2 g4 47.
Ng1 Ra4 48. Kf2 Ba6 49. Ng2 Bxc4 50. Rd2 Nd4 51. Ne3 Be6 52. Rcd3 Nb5 53. Ne2
c4 54. Rc3 Nxc3 55. Nxc3 R4a5 56. Bb2 Rd8 57. Rc2 h5 58. Ne2 Bc5 0-1

[Event "BPB Limburg open A"]
[Site "Maastricht"]
[Date "2014.06.07"]
[Round "2"]
[White "Hoornstra, Hans"]
[Black "Bons, Jasper"]
[Result "0-1"]
[WhiteElo "1965"]
[BlackElo "2072"]
[PlyCount "50"]
[EventDate "2014.06.06"]
[EventType "swiss"]
[EventRounds "7"]
[EventCountry "NED"]
[Source "P.Boonen"]
[SourceDate "2014.10.10"]

1. e4 c5 2. Nf3 Nc6 3. d4 cxd4 4. Nxd4 g6 5. Nc3 Bg7 6. Be3 Nf6 7. Bc4 O-O 8.
Bb3 a5 9. O-O a4 10. Nxa4 Nxe4 11. Re1 d5 12. Nb5 Rxa4 13. Bxa4 Bxb2 14. Rb1
Bc3 15. f3 Bxe1 16. fxe4 Bh4 17. exd5 Qa5 18. c4 Ne5 19. Bb3 Bf5 20. Rc1 Ng4
21. Qd2 Qd8 22. Bd4 e5 23. dxe6 Bf2+ 24. Kh1 Qb8 25. g3 Be4# 0-1

[Event "BPB Limburg open A"]
[Site "Maastricht"]
[Date "2014.06.07"]
[Round "2"]
[White "Janssen, Ruud"]
[Black "Schroer, Marcel"]
[Result "1-0"]
[WhiteElo "2467"]
[BlackElo "2144"]
[PlyCount "79"]
[EventDate "2014.06.06"]
[EventType "swiss"]
[EventRounds "7"]
[EventCountry "NED"]
[Source "P.Boonen"]
[SourceDate "2014.10.10"]
[WhiteClock "0:02:55"]
[BlackClock "0:00:09"]

1. c4 g6 2. Nc3 Bg7 3. d4 Nf6 4. e4 d6 5. h3 O-O 6. Bg5 Nbd7 7. Bd3 c5 8. d5
Ne5 9. Nf3 Nxd3+ 10. Qxd3 a6 11. a4 b6 12. O-O Bd7 13. Rfe1 Ne8 14. Nd2 f6 15.
Be3 Nc7 16. f4 Qe8 17. Nf3 b5 18. b3 Rb8 19. Bd2 Qc8 20. a5 Ne8 21. Ne2 e5 22.
dxe6 Bxe6 23. Bc3 Qd7 24. Rac1 Qc7 25. f5 Bf7 26. Bd2 g5 27. Rb1 Kh8 28. Nc3 b4
29. Nd5 Bxd5 30. exd5 Qxa5 31. Re7 Qd8 32. Rbe1 a5 33. h4 h6 34. hxg5 fxg5 35.
Bxg5 Qc8 36. f6 Nxf6 37. Qg6 Ne8 38. Bxh6 Qf5 39. Bxg7+ Kg8 40. Qh6 1-0

[Event "BPB Limburg open A"]
[Site "Maastricht"]
[Date "2014.06.07"]
[Round "2"]
[White "Kampman, Tijmen"]
[Black "Van der Heijden, Alan"]
[Result "1/2-1/2"]
[WhiteElo "2091"]
[BlackElo "2269"]
[PlyCount "48"]
[EventDate "2014.06.06"]
[EventType "swiss"]
[EventRounds "7"]
[EventCountry "NED"]
[Source "P.Boonen"]
[SourceDate "2014.10.10"]

1. c4 g6 2. Nc3 Bg7 3. g3 Nf6 4. Bg2 O-O 5. d3 c6 6. e4 a6 7. Be3 b5 8. h3 Bb7
9. Nge2 d5 10. cxd5 cxd5 11. e5 Nfd7 12. d4 Nb6 13. b3 b4 14. Nb1 a5 15. O-O a4
16. Nd2 Nc6 17. Nf4 e6 18. Qg4 axb3 19. axb3 Rxa1 20. Rxa1 Bc8 21. Nd3 f6 22.
f4 Rf7 23. Qe2 fxe5 24. fxe5 Bf8 1/2-1/2

[Event "BPB Limburg open A"]
[Site "Maastricht"]
[Date "2014.06.07"]
[Round "2"]
[White "Keetman, Maaike"]
[Black "Broekmeulen, Jasper"]
[Result "0-1"]
[WhiteElo "1956"]
[BlackElo "2432"]
[PlyCount "72"]
[EventDate "2014.06.06"]
[EventType "swiss"]
[EventRounds "7"]
[EventCountry "NED"]
[Source "P.Boonen"]
[SourceDate "2014.10.10"]

1. e4 d5 2. exd5 Qxd5 3. Nc3 Qa5 4. d4 Nf6 5. Bc4 c6 6. Nf3 Bf5 7. Bd2 e6 8.
Qe2 Bb4 9. O-O-O Nbd7 10. a3 Bxc3 11. Bxc3 Qc7 12. Kb1 b5 13. Ba2 O-O 14. Ne5
Be4 15. f3 Bd5 16. h4 a5 17. Bd2 b4 18. a4 c5 19. Bxd5 Nxd5 20. Nxd7 Qxd7 21.
dxc5 Qxa4 22. h5 b3 23. cxb3 Qxb3 24. h6 Rfb8 25. Qe5 gxh6 26. Rc1 f6 27. Qg3+
Kh8 28. Rc2 a4 29. Rxh6 a3 30. Rxh7+ Kxh7 31. Qh3+ Kg7 32. Qh6+ Kf7 33. Qh7+
Ke8 34. c6 Qa2+ 35. Kxa2 axb2+ 36. Kb1 Ra1# 0-1

[Event "BPB Limburg open A"]
[Site "Maastricht"]
[Date "2014.06.07"]
[Round "2"]
[White "Maisuradze, Nino"]
[Black "Schoppen, Casper"]
[Result "1-0"]
[WhiteElo "2255"]
[BlackElo "1906"]
[PlyCount "79"]
[EventDate "2014.06.06"]
[EventType "swiss"]
[EventRounds "7"]
[EventCountry "NED"]
[Source "P.Boonen"]
[SourceDate "2014.10.10"]

1. d4 Nf6 2. c4 g6 3. Nc3 Bg7 4. g3 O-O 5. Bg2 d6 6. Nf3 Nc6 7. O-O a6 8. h3
Rb8 9. Re1 b5 10. cxb5 axb5 11. e4 e6 12. Nh2 b4 13. Ne2 Bb7 14. Bg5 h6 15. Be3
Ne7 16. Qc2 Qd7 17. Rac1 Rfc8 18. Ng4 Nxg4 19. hxg4 e5 20. dxe5 Bxe5 21. Bh3 h5
22. f3 d5 23. Rcd1 Qe6 24. exd5 Nxd5 25. Bf2 Qd7 26. Rd2 hxg4 27. Bxg4 f5 28.
Bh3 Kg7 29. f4 Bf6 30. Bg2 Qf7 31. Nd4 Re8 32. Rde2 Rxe2 33. Qxe2 Bc8 34. Nc6
Rb7 35. Ne5 Qe6 36. Qc4 Nxf4 37. gxf4 Qxc4 38. Nxc4 Rb5 39. Bc6 Rb8 40. Ba7 1-0

[Event "BPB Limburg open A"]
[Site "Maastricht"]
[Date "2014.06.07"]
[Round "2"]
[White "Mende, Andreas"]
[Black "Goudriaan, Etienne"]
[Result "0-1"]
[WhiteElo "2165"]
[BlackElo "2408"]
[PlyCount "102"]
[EventDate "2014.06.06"]
[EventType "swiss"]
[EventRounds "7"]
[EventCountry "NED"]
[Source "P.Boonen"]
[SourceDate "2014.10.10"]

1. d4 Nf6 2. c4 e6 3. g3 d5 4. Nf3 dxc4 5. Bg2 a6 6. O-O Nc6 7. Nc3 Be7 8. e4
O-O 9. Qe2 b5 10. Rd1 Bb7 11. d5 exd5 12. e5 d4 13. exf6 Bxf6 14. Ne4 Re8 15.
Nxf6+ Qxf6 16. Qd2 Rad8 17. Qg5 Nb4 18. Qxf6 gxf6 19. Bf4 c5 20. Bc7 Rd7 21.
Bb6 Nd3 22. Rxd3 cxd3 23. Bxc5 Re2 24. b4 d2 25. Rd1 Bxf3 26. Bxf3 Re1+ 27. Kg2
Rxd1 28. Bxd1 Rd8 29. Kf3 Re8 30. Bxd4 Re1 31. Bb3 Kg7 32. Be3 d1=Q+ 33. Bxd1
Rxd1 34. Ke4 Ra1 35. Kd5 Rxa2 36. Kc5 Kg6 37. h4 Kf5 38. Kb6 h5 39. Bc5 Ke4 40.
Kc6 f5 41. Be3 Ra4 42. Kc5 Ra2 43. Kc6 f4 44. gxf4 f5 45. Kb6 Ra4 46. Kc5 Kf3
47. Bd2 Kg4 48. Kd5 Ra2 49. Be1 Re2 50. Bc3 Kxh4 51. f3 Kg3 0-1

[Event "BPB Limburg open A"]
[Site "Maastricht"]
[Date "2014.06.07"]
[Round "2"]
[White "Mengerink, Ynze"]
[Black "Vereggen, Lars"]
[Result "0-1"]
[WhiteElo "2146"]
[BlackElo "2172"]
[PlyCount "42"]
[EventDate "2014.06.06"]
[EventType "swiss"]
[EventRounds "7"]
[EventCountry "NED"]
[Source "P.Boonen"]
[SourceDate "2014.10.10"]

1. e4 c5 2. Nf3 Nc6 3. Bb5 g6 4. Bxc6 bxc6 5. O-O Bg7 6. Re1 d6 7. c3 e5 8. h3
Ne7 9. b3 O-O 10. Bb2 f5 11. d3 h6 12. Nbd2 g5 13. Nh2 Ng6 14. f3 Nf4 15. Ndf1
g4 16. fxg4 fxg4 17. Nxg4 Qg5 18. Bc1 h5 19. Bxf4 exf4 20. Ngh2 Bxh3 21. Qc2 f3
0-1

[Event "BPB Limburg open A"]
[Site "Maastricht"]
[Date "2014.06.07"]
[Round "2"]
[White "Mollema, Thomas"]
[Black "Carmeille, Ludovic"]
[Result "1/2-1/2"]
[WhiteElo "2059"]
[BlackElo "2321"]
[PlyCount "128"]
[EventDate "2014.06.06"]
[EventType "swiss"]
[EventRounds "7"]
[EventCountry "NED"]
[Source "P.Boonen"]
[SourceDate "2014.10.10"]

1. e4 c5 2. c3 Nf6 3. e5 Nd5 4. d4 cxd4 5. Nf3 Nc6 6. cxd4 d6 7. Bc4 Nb6 8. Bb3
dxe5 9. d5 Na5 10. Nc3 Nxb3 11. Qxb3 e6 12. Nxe5 Bd6 13. Qb5+ Kf8 14. dxe6 Bxe6
15. O-O f6 16. f4 a6 17. Qa5 Nc4 18. Nxc4 Bxc4 19. Qxd8+ Rxd8 20. Re1 Kf7 21.
Be3 b5 22. a4 Rhe8 23. Bb6 Rxe1+ 24. Rxe1 Rb8 25. Bd4 bxa4 26. Nxa4 Rb4 27. Ra1
Bb5 28. Nc5 Bxc5 29. Bxc5 Rxb2 30. Re1 Bc6 31. Re7+ Kg6 32. f5+ Kxf5 33. Rxg7
h5 34. h3 Ke6 35. Rg6 Rb1+ 36. Kf2 Kf7 37. Rh6 Rb2+ 38. Ke3 Kg7 39. Rxh5 Rxg2
40. Bd4 Kg6 41. Rh4 Rg3+ 42. Kd2 f5 43. Be3 Bb5 44. Rh8 Rf3 45. h4 f4 46. h5+
Kg5 47. Bb6 Rd3+ 48. Ke1 Rd7 49. Bd8+ Kg4 50. h6 Kf3 51. Bg5 Kg4 52. h7 f3 53.
Bf6 Kh5 54. Rd8 Rxh7 55. Rh8 Rxh8 56. Bxh8 a5 57. Bd4 a4 58. Kd2 a3 59. Kc2 Bc4
60. Kb1 Kg4 61. Bf2 Kf4 62. Ka1 Ke4 63. Bc5 Kd3 64. Bb6 Kc2 1/2-1/2

[Event "BPB Limburg open A"]
[Site "Maastricht"]
[Date "2014.06.07"]
[Round "2"]
[White "Nasshan, Dennis"]
[Black "Jablonowski, Christoph"]
[Result "1/2-1/2"]
[WhiteElo "2173"]
[BlackElo "2010"]
[PlyCount "57"]
[EventDate "2014.06.06"]
[EventType "swiss"]
[EventRounds "7"]
[EventCountry "NED"]
[Source "P.Boonen"]
[SourceDate "2014.10.10"]

1. Nf3 f5 2. d4 Nf6 3. g3 g6 4. Bg2 Bg7 5. O-O O-O 6. c4 d6 7. b3 c6 8. Bb2 e6
9. Nbd2 Qe7 10. Re1 Ne4 11. Qc2 Nxd2 12. Qxd2 e5 13. dxe5 dxe5 14. Rad1 Nd7 15.
Qc1 e4 16. Ba3 c5 17. Nd4 b6 18. Nb5 Bb7 19. Nc7 Rad8 20. Nd5 Qf7 21. Bb2 Nf6
22. Nxf6+ Bxf6 23. Qa1 Bxb2 24. Qxb2 Qg7 25. Qxg7+ Kxg7 26. Kf1 Kf6 27. e3 Ke5
28. Ke2 a6 29. Rxd8 1/2-1/2

[Event "BPB Limburg open A"]
[Site "Maastricht"]
[Date "2014.06.07"]
[Round "2"]
[White "Nguyen, Kevin"]
[Black "L'Ami, Alina"]
[Result "0-1"]
[WhiteElo "1929"]
[BlackElo "2444"]
[PlyCount "48"]
[EventDate "2014.06.06"]
[EventType "swiss"]
[EventRounds "7"]
[EventCountry "NED"]
[Source "P.Boonen"]
[SourceDate "2014.10.10"]

1. e4 e6 2. d4 d5 3. Nd2 Nf6 4. e5 Nfd7 5. Bd3 c5 6. c3 Nc6 7. Ne2 cxd4 8. cxd4
f6 9. exf6 Nxf6 10. O-O Bd6 11. Nf3 Qc7 12. Bg5 O-O 13. Nc3 a6 14. Rc1 Bd7 15.
Bh4 Bf4 16. Bg3 Nh5 17. Bxf4 Nxf4 18. Bb1 Be8 19. Ne2 Bh5 20. Nxf4 Qxf4 21. Qd3
g6 22. Qe3 Bxf3 23. Qxe6+ Kh8 24. gxf3 Nxd4 0-1

[Event "BPB Limburg open A"]
[Site "Maastricht"]
[Date "2014.06.07"]
[Round "2"]
[White "Offringa, Joost"]
[Black "Villwock, Martin"]
[Result "1/2-1/2"]
[WhiteElo "2253"]
[BlackElo "2151"]
[PlyCount "83"]
[EventDate "2014.06.06"]
[EventType "swiss"]
[EventRounds "7"]
[EventCountry "NED"]
[Source "P.Boonen"]
[SourceDate "2014.10.10"]

1. c4 e5 2. Nc3 Bb4 3. Nf3 Bxc3 4. bxc3 d6 5. g3 f5 6. Bg2 Nf6 7. Ba3 c5 8. O-O
O-O 9. Ne1 Nc6 10. Nc2 Qa5 11. Rb1 Qa4 12. d3 Rb8 13. Qc1 b6 14. Ne3 Ne7 15.
Nd5 Nfxd5 16. cxd5 f4 17. Bb2 c4 18. Ba3 Qd7 19. d4 exd4 20. cxd4 b5 21. gxf4
Ng6 22. e3 Nh4 23. f3 Nxg2 24. Kxg2 a5 25. Kh1 Ba6 26. e4 b4 27. f5 c3 28. Rg1
Qc7 29. Qg5 Kh8 30. Bc1 Bc4 31. Bf4 Rb7 32. Rg3 Bxa2 33. Rbg1 Qd8 34. Qh5 Rff7
35. Rg6 b3 36. f6 b2 37. fxg7+ Rxg7 38. Rxg7 Rxg7 39. Be5 dxe5 40. Qxe5 Qf8 41.
Rxg7 Qxg7 42. Qe8+ 1/2-1/2

[Event "BPB Limburg open A"]
[Site "Maastricht"]
[Date "2014.06.07"]
[Round "2"]
[White "Ritsema, Ronald"]
[Black "Dardha, Arben"]
[Result "1-0"]
[WhiteElo "2011"]
[BlackElo "2284"]
[PlyCount "53"]
[EventDate "2014.06.06"]
[EventType "swiss"]
[EventRounds "7"]
[EventCountry "NED"]
[Source "P.Boonen"]
[SourceDate "2014.10.10"]

1. d4 Nf6 2. c4 e6 3. Nf3 Bb4+ 4. Bd2 Bxd2+ 5. Qxd2 b6 6. Nc3 Bb7 7. Qc2 d5 8.
cxd5 exd5 9. e3 O-O 10. Bd3 c5 11. O-O Nc6 12. a3 c4 13. Bf5 g6 14. Bh3 Bc8 15.
Bxc8 Rxc8 16. Ne5 Nxe5 17. dxe5 Ng4 18. Rad1 Rc5 19. h3 Nxe5 20. Ne4 Ra5 21. b4
Rxa3 22. Rxd5 Qe7 23. Qb2 Nd3 24. Nf6+ Kh8 25. Qd4 Ne5 26. Qh4 h5 27. Qg5 1-0

[Event "BPB Limburg open A"]
[Site "Maastricht"]
[Date "2014.06.07"]
[Round "2"]
[White "Roggeveen, Pieter"]
[Black "Schiffers, Sascha"]
[Result "1-0"]
[WhiteElo "2211"]
[BlackElo "2079"]
[PlyCount "51"]
[EventDate "2014.06.06"]
[EventType "swiss"]
[EventRounds "7"]
[EventCountry "NED"]
[Source "P.Boonen"]
[SourceDate "2014.10.10"]

1. c4 Nf6 2. Nc3 g6 3. e4 d6 4. d4 Bg7 5. Be2 O-O 6. f4 c5 7. Nf3 cxd4 8. Nxd4
Nc6 9. Be3 e5 10. Nxc6 bxc6 11. fxe5 dxe5 12. O-O Qe7 13. Qa4 Bg4 14. Rxf6 Bxe2
15. Rxc6 Bg4 16. Bc5 Qh4 17. Bxf8 Rxf8 18. Qxa7 Bh6 19. Nd5 Be6 20. Qf2 Qd8 21.
b4 Qa8 22. b5 Qa3 23. Re1 Qd3 24. Qe2 Qd4+ 25. Kh1 Ra8 26. b6 1-0

[Event "BPB Limburg open A"]
[Site "Maastricht"]
[Date "2014.06.07"]
[Round "2"]
[White "Sadikhov, Ulvi"]
[Black "Commercon, Simon"]
[Result "1/2-1/2"]
[WhiteElo "2337"]
[BlackElo "2219"]
[PlyCount "88"]
[EventDate "2014.06.06"]
[EventType "swiss"]
[EventRounds "7"]
[EventCountry "NED"]
[Source "P.Boonen"]
[SourceDate "2014.10.10"]

1. e4 d5 2. d3 dxe4 3. dxe4 Qxd1+ 4. Kxd1 Nc6 5. c3 Bd7 6. Be3 Nf6 7. f3 a6 8.
Nd2 e6 9. Kc2 Rg8 10. Nh3 h6 11. Nf2 g5 12. b4 a5 13. b5 Ne7 14. Rb1 Ng6 15. c4
c5 16. bxc6 Bxc6 17. c5 Nd7 18. Nd3 Be7 19. Nc4 f6 20. Kd2 Kf7 21. Ke1 f5 22.
exf5 exf5 23. Bd4 g4 24. fxg4 fxg4 25. Kd2 Rgd8 26. Kc3 Bd5 27. Be2 Nf6 28.
Rhf1 Bxg2 29. Rf2 Rxd4 30. Kxd4 Rd8+ 31. Kc3 Be4 32. Rff1 Kg7 33. Ne3 Nd5+ 34.
Nxd5 Rxd5 35. Rbd1 Bf6+ 36. Kb3 Rd4 37. a3 a4+ 38. Ka2 Bd5+ 39. Kb1 Bb3 40. Rc1
Ne5 41. Rxf6 Nxd3 42. Rb6 Ba2+ 43. Kc2 Bb3+ 44. Kb1 Ba2+ 1/2-1/2

[Event "BPB Limburg open A"]
[Site "Maastricht"]
[Date "2014.06.07"]
[Round "2"]
[White "Schleipfenbauer, Frank"]
[Black "Esser, Norbert"]
[Result "1/2-1/2"]
[WhiteElo "2134"]
[BlackElo "2175"]
[PlyCount "41"]
[EventDate "2014.06.06"]
[EventType "swiss"]
[EventRounds "7"]
[EventCountry "NED"]
[Source "P.Boonen"]
[SourceDate "2014.10.10"]

1. e4 c5 2. Nc3 Nc6 3. f4 g6 4. Nf3 Bg7 5. Bb5 Nd4 6. O-O Nxb5 7. Nxb5 Nf6 8.
d3 O-O 9. Qe1 d6 10. f5 gxf5 11. Qh4 fxe4 12. dxe4 Qd7 13. Nc3 Qg4 14. Qe1 Be6
15. Nh4 Nd7 16. Rf3 Kh8 17. h3 Bd4+ 18. Kh1 Qg7 19. Rg3 Qf6 20. Rf3 Qg7 21. Rg3
1/2-1/2

[Event "BPB Limburg open A"]
[Site "Maastricht"]
[Date "2014.06.07"]
[Round "2"]
[White "Senders, Mischa"]
[Black "Berg, Emanuel"]
[Result "1/2-1/2"]
[WhiteElo "2159"]
[BlackElo "2547"]
[PlyCount "81"]
[EventDate "2014.06.06"]
[EventType "swiss"]
[EventRounds "7"]
[EventCountry "NED"]
[Source "P.Boonen"]
[SourceDate "2014.10.10"]
[WhiteClock "0:27:51"]
[BlackClock "0:00:05"]

1. e4 e6 2. d4 d5 3. Nd2 Nf6 4. e5 Nfd7 5. c3 c5 6. Bd3 Nc6 7. Ne2 cxd4 8. cxd4
f6 9. exf6 Nxf6 10. Nf3 Bd6 11. O-O Qc7 12. Bg5 O-O 13. Bh4 Nh5 14. Qc2 h6 15.
Bh7+ Kh8 16. Bg6 Rxf3 17. Bxh5 Rf5 18. Bg6 Rf8 19. Bg3 Rf6 20. a3 Bd7 21. Rac1
Bxg3 22. hxg3 Raf8 23. Bd3 Qb6 24. Qc5 Qxb2 25. Rb1 Qd2 26. Nf4 b6 27. Qd6 Be8
28. Rfd1 Qa2 29. Nxe6 Qxf2+ 30. Kh2 R8f7 31. Rf1 Qe3 32. Rxf6 Rxf6 33. Rf1 Rxf1
34. Bxf1 Qf2 35. Bb5 Qf7 36. Bxc6 Qh5+ 37. Kg1 Qd1+ 38. Kf2 Qd2+ 39. Kg1 Qd1+
40. Kf2 Qd2+ 41. Kg1 1/2-1/2

[Event "BPB Limburg open A"]
[Site "Maastricht"]
[Date "2014.06.07"]
[Round "2"]
[White "Serbu, Eli"]
[Black "Miedema, David"]
[Result "0-1"]
[WhiteElo "2170"]
[BlackElo "2374"]
[PlyCount "87"]
[EventDate "2014.06.06"]
[EventType "swiss"]
[EventRounds "7"]
[EventCountry "NED"]
[Source "P.Boonen"]
[SourceDate "2014.10.10"]

1. e4 e6 2. d4 d5 3. Nc3 Bb4 4. exd5 exd5 5. Bd3 Qf6 6. a3 Bxc3+ 7. bxc3 Ne7 8.
Ne2 Bf5 9. Rb1 b6 10. O-O O-O 11. a4 Nd7 12. Ba3 Rfe8 13. c4 Bxd3 14. Qxd3 Qf5
15. Qc3 c6 16. Rfe1 Nf6 17. Ng3 Qd7 18. a5 dxc4 19. Bxe7 Nd5 20. Qxc4 b5 21.
Qc5 Rxe7 22. Rxe7 Nxe7 23. a6 Nd5 24. c4 Nc3 25. Rb3 Na4 26. Qb4 bxc4 27. Qxc4
Nb6 28. Qc5 Re8 29. Re3 Rxe3 30. fxe3 g6 31. Qe5 Nc4 32. Qb8+ Kg7 33. Qb7 Qg4
34. Qxc6 Nxe3 35. Qa4 h5 36. Kf2 Qf4+ 37. Ke1 Nxg2+ 38. Kd1 Ne3+ 39. Ke1 h4 40.
Ne2 Qxh2 41. d5 Qe5 42. Qd7 Nxd5 43. Qxa7 Nb4 44. Qb6 0-1

[Event "BPB Limburg open A"]
[Site "Maastricht"]
[Date "2014.06.07"]
[Round "2"]
[White "Skutta, Bernd"]
[Black "Bugel, Jeroen"]
[Result "1-0"]
[WhiteElo "2037"]
[BlackElo "2231"]
[PlyCount "67"]
[EventDate "2014.06.06"]
[EventType "swiss"]
[EventRounds "7"]
[EventCountry "NED"]
[Source "P.Boonen"]
[SourceDate "2014.10.10"]

1. d4 f5 2. Bg5 h6 3. Bh4 g5 4. e3 Nf6 5. Bg3 Bg7 6. Nc3 d6 7. Bc4 e6 8. h4 Qe7
9. Qe2 a6 10. O-O-O b5 11. Bb3 Bb7 12. hxg5 hxg5 13. Rxh8+ Bxh8 14. Nf3 b4 15.
Nb1 Ne4 16. Nbd2 a5 17. Nxe4 fxe4 18. Ne5 Bxe5 19. dxe5 d5 20. Rh1 Qg7 21. Qg4
Nc6 22. Qxe6+ Ne7 23. Ba4+ c6 24. Rh5 Ra6 25. Qf6 Qxf6 26. exf6 Nf5 27. Rxg5
Nxg3 28. Rxg3 Kf8 29. Rg7 Rb6 30. g4 c5 31. g5 d4 32. Bb3 Ke8 33. Rg8+ Kd7 34.
f7 1-0

[Event "BPB Limburg open A"]
[Site "Maastricht"]
[Date "2014.06.07"]
[Round "2"]
[White "Snuverink, Laurens"]
[Black "Ducarmon, Quinten"]
[Result "0-1"]
[WhiteElo "2009"]
[BlackElo "2483"]
[PlyCount "116"]
[EventDate "2014.06.06"]
[EventType "swiss"]
[EventRounds "7"]
[EventCountry "NED"]
[Source "P.Boonen"]
[SourceDate "2014.10.10"]
[WhiteClock "0:05:55"]
[BlackClock "0:09:38"]

1. d4 d5 2. c4 c6 3. Nc3 Nf6 4. Nf3 dxc4 5. a4 Na6 6. Ne5 Ng4 7. Nxc4 e5 8.
Nxe5 Nxe5 9. dxe5 Qxd1+ 10. Kxd1 Be6 11. e4 O-O-O+ 12. Ke2 Nb4 13. Bg5 Rd3 14.
Be3 a5 15. Kf3 Rxe3+ 16. fxe3 g6 17. Ne2 Nd3 18. Nf4 Nxe5+ 19. Kg3 Bb3 20. Be2
Bd6 21. Rhc1 g5 22. Rc3 gxf4+ 23. exf4 Be6 24. fxe5 Bxe5+ 25. Kf2 Bxc3 26. bxc3
Kc7 27. Ke3 Rb8 28. e5 Kb6 29. g4 h6 30. h4 Kc5 31. g5 hxg5 32. hxg5 Rg8 33.
Kf4 Rh8 34. Rb1 b6 35. Kg3 Rh3+ 36. Kf2 Rxc3 37. Rg1 Kd4 38. g6 fxg6 39. Rxg6
Kxe5 40. Bf3 Bd5 41. Be2 Kd4 42. Ke1 Rb3 43. Bd1 Rb2 44. Rg3 Kc5 45. Rg4 Rb4
46. Rg5 Rd4 47. Rg7 Bc4 48. Rc7 Rd6 49. Rh7 Kb4 50. Rh4 b5 51. Rg4 Rd5 52. Bf3
Re5+ 53. Kd2 Kxa4 54. Bxc6 Kb3 55. Rg7 a4 56. Kc1 Rc5 57. Bd7 Bd5+ 58. Kd1 a3
0-1

[Event "BPB Limburg open A"]
[Site "Maastricht"]
[Date "2014.06.07"]
[Round "2"]
[White "Snuverink, Michiel"]
[Black "Admiraal, Miguoel"]
[Result "0-1"]
[WhiteElo "2053"]
[BlackElo "2339"]
[PlyCount "40"]
[EventDate "2014.06.06"]
[EventType "swiss"]
[EventRounds "7"]
[EventCountry "NED"]
[Source "P.Boonen"]
[SourceDate "2014.10.10"]

1. e4 c6 2. Nc3 d5 3. d3 g6 4. g3 Bg7 5. Bg2 Nf6 6. Bg5 O-O 7. Qd2 Be6 8. Nf3
dxe4 9. dxe4 Qb6 10. O-O Nbd7 11. e5 Ng4 12. Bxe7 Rfe8 13. Na4 Qb5 14. Nc3 Qa6
15. Bg5 h6 16. h3 hxg5 17. hxg4 Bxg4 18. Qxg5 Bxf3 19. Bxf3 Nxe5 20. Be2 Qxe2
0-1

[Event "BPB Limburg open A"]
[Site "Maastricht"]
[Date "2014.06.07"]
[Round "2"]
[White "Surewaard, Wilbert"]
[Black "Van Osch, Mees"]
[Result "0-1"]
[WhiteElo "2116"]
[BlackElo "2196"]
[PlyCount "120"]
[EventDate "2014.06.06"]
[EventType "swiss"]
[EventRounds "7"]
[EventCountry "NED"]
[Source "P.Boonen"]
[SourceDate "2014.10.10"]

1. e4 c5 2. Nf3 d6 3. Bb5+ Nd7 4. O-O Ngf6 5. Re1 a6 6. Bf1 g6 7. c3 Bg7 8. d4
O-O 9. h3 b5 10. a4 bxa4 11. Qxa4 e6 12. Nbd2 Bb7 13. e5 dxe5 14. dxe5 Nd5 15.
Qg4 Ne7 16. Nc4 Nf5 17. Nh2 Bd5 18. f4 Qb8 19. Qd1 Rd8 20. Qc2 Nb6 21. Ne3 Bb7
22. Nc4 Nxc4 23. Bxc4 Bd5 24. Bf1 c4 25. Ng4 Ng3 26. Qf2 Nxf1 27. Rxf1 Be4 28.
Qh4 h5 29. Nf6+ Bxf6 30. exf6 Qb3 31. Qg5 Qc2 32. Ra5 Rd3 33. f5 exf5 34. h4
Rad8 35. Bf4 Rd1 36. Ra1 Rxf1+ 37. Rxf1 Qxb2 38. Be3 Qxc3 39. Rf2 Rd3 40. Bf4
Qe1+ 41. Rf1 Qe2 42. Rc1 Rb3 43. Kh2 Rb2 44. Rg1 Qg4 45. Qxg4 hxg4 46. Be5 Re2
47. Bd6 c3 48. Kg3 c2 49. Kf4 Rxg2 50. Rc1 Rd2 51. Ba3 Rd1 52. Bb2 a5 53. Ba3
a4 54. Bb2 Rxc1 55. Bxc1 Kf8 56. Kg5 Ke8 57. Kh6 g3 58. Kg7 g2 59. Kh8 a3 60.
h5 gxh5 0-1